関西の中高一貫校 - Statistics

General Stats
  • This quiz has been taken 54 times
  • The average score is 16 of 142
Answer Stats
Hint Answer % Correct
66%
洛南
57%
東大寺学園
55%
西大和学園
48%
甲陽学院
43%
洛星
36%
立命館
36%
大阪桐蔭
36%
清風
36%
六甲学院
34%
智辯学園和歌山
32%
清風南海
32%
神戸女学院
32%
洛北
30%
智辯学園
30%
四天王寺
30%
須磨学園
30%
立命館宇治
27%
立命館守山
25%
近畿大学附属
25%
甲南
25%
帝塚山
23%
開明
23%
高槻
23%
桃山学院
23%
同志社香里
20%
滝川
20%
東山
18%
向陽
18%
追手門学院
18%
明星
18%
神戸龍谷
18%
滝川第二
18%
滋賀県 近江兄弟社
16%
滋賀学園
16%
京都女子
16%
西京
16%
同志社国際
16%
関西大倉
16%
プール学院
16%
報徳学園
16%
守山
14%
大谷
14%
近畿大学附属和歌山
14%
関西大学第一
14%
清教学園
14%
神戸大学附属
14%
京都産業大学附属
11%
桐蔭
11%
上宮
11%
関西創価
11%
甲南女子
11%
淳心学院
11%
仁川学院
11%
雲雀丘学園
11%
武庫川女子大学附属
11%
PL学園
11%
比叡山
9%
水口東
9%
京都精華学園
9%
福知山
9%
奈良育英
9%
金蘭千里
9%
金光大阪
9%
初芝富田林
9%
神戸海星女子学院
9%
松蔭
9%
親和女子
9%
河瀬
7%
光泉カトリック
7%
花園
7%
奈良県 育英西
7%
大阪女学院
7%
賢明
7%
富田林
7%
箕面自由学園
7%
夙川
7%
京都光華
5%
京都先端科学大学附属
5%
京都文教
5%
園部
5%
同志社女子
5%
南陽
5%
平安女学院
5%
奈良女子大学附属
5%
水都国際
5%
金蘭会
5%
金光八尾
5%
咲くやこの花
5%
初芝立命館
5%
梅花
5%
神戸国際
5%
三田学園
5%
園田学園
5%
京都府 一燈園
2%
華頂女子
2%
京都聖母学院
2%
ノートルダム女学院
2%
青翔
2%
和歌山県 開智
2%
近畿大学附属新宮
2%
田辺
2%
橋本
2%
初芝橋本
2%
日高
2%
大阪薫英女学院
2%
関西学院千里国際
2%
香里ヌヴェール学院
2%
堺リベラル
2%
樟蔭
2%
昇陽
2%
常翔啓光学園
2%
芦屋学園
2%
甲子園学院
2%
神戸山手女子
2%
百合
2%
京都共栄学園
0%
龍谷大学付属平安
0%
智辯学園奈良カレッジ
0%
奈良学研登美ヶ丘
0%
信愛
0%
大阪府 アサンプション国際
0%
追手門学院大手前
0%
大阪国際
0%
大阪金剛インターナショナル
0%
大阪信愛学園
0%
大阪青凌
0%
大阪体育大学浪商
0%
四條畷学園
0%
城南学園
0%
城星学園
0%
相愛
0%
帝塚山学院泉ヶ丘
0%
東海大学付属大阪仰星
0%
浪速
0%
羽衣学園
0%
兵庫県 愛徳学園
0%
芦屋国際
0%
小林聖心女子学院
0%
蒼開
0%
兵庫県立大学附属
0%
No matching quizzes found
Score Distribution
Percent of People with Each Score
Percentile by Number Answered
Your Score History
You have not taken this quiz